[Event "III Calvia International Open"]
[Site "Calvia"]
[Date "2006.10.24"]
[Round "5.37"]
[White "Eppinger, Georg"]
[Black "Coimbra, Margarida"]
[Result "0-1"]
[WhiteElo "2277"]
[BlackElo "2047"]
[PlyCount "56"]
[EventDate "2006.10.20"]

1. e4 e5 2. Nf3 Nc6 3. Bb5 a6 4. Ba4 Nf6 5. O-O b5 6. Bb3 Bc5 7. Nxe5 Nxe5 8.
d4 Bxd4 9. Qxd4 d6 10. Bd5 c5 11. Qd1 Nxd5 12. exd5 O-O 13. Nc3 Qh4 14. f4 Bg4
15. Qe1 Qxe1 16. Rxe1 Nc4 17. a4 b4 18. Ne4 Rfe8 19. b3 Bf5 20. bxc4 Rxe4 21.
Rxe4 Bxe4 22. Ra2 Re8 23. a5 Bxd5 24. cxd5 Re1+ 25. Kf2 Rxc1 26. Rb2 Kf8 27.
Ke2 Rg1 28. Kf3 Rh1 0-1

[Event "III Calvia International Open"]
[Site "Calvia"]
[Date "2006.10.24"]
[Round "5.39"]
[White "Serrano Bozada, Esteban"]
[Black "Beltran, Jorge"]
[Result "1-0"]
[WhiteElo "2073"]
[BlackElo "2154"]
[PlyCount "81"]
[EventDate "2006.10.20"]

1. e4 e6 2. d4 d5 3. e5 c5 4. c3 Qb6 5. Nf3 Bd7 6. Be2 cxd4 7. cxd4 Bb5 8. Nc3
Bxe2 9. Nxe2 Ne7 10. O-O Nd7 11. Rb1 Nc6 12. h4 Be7 13. Bg5 Rc8 14. Ng3 O-O 15.
Qd2 f6 16. exf6 Bxf6 17. Rbd1 Rce8 18. Rfe1 Qd8 19. Nh5 Qe7 20. Re3 Qf7 21.
Nxf6+ Nxf6 22. Bxf6 Qxf6 23. Rde1 h6 24. g3 Rf7 25. Ne5 Rc7 26. f4 Nxe5 27.
Rxe5 Qg6 28. Qf2 Rc2 29. R1e2 Rec8 30. Rxe6 Qd3 31. R6e3 Rxe2 32. Rxe2 Rc1+ 33.
Kg2 Qd1 34. Kf3 h5 35. g4 Qh1+ 36. Qg2 hxg4+ 37. Ke3 Qxh4 38. Qxd5+ Kh7 39.
Qe4+ Kg8 40. Kd2 Rc8 41. Qe6+ 1-0

[Event "III Calvia International Open"]
[Site "Calvia"]
[Date "2006.10.24"]
[Round "5.40"]
[White "Oliver Serrano, Angel"]
[Black "Reutter, Frank"]
[Result "1/2-1/2"]
[WhiteElo "2153"]
[BlackElo "1945"]
[PlyCount "76"]
[EventDate "2006.10.20"]

1. e4 c5 2. Nf3 d6 3. d4 cxd4 4. Nxd4 Nf6 5. Nc3 a6 6. f3 b5 7. Be3 Bb7 8. Qd2
e6 9. g4 Nc6 10. O-O-O Nd7 11. g5 Be7 12. h4 O-O 13. Rg1 Nde5 14. Qf2 Rc8 15.
h5 Nxd4 16. Rxd4 Qa5 17. f4 Rxc3 18. bxc3 Nc6 19. Rd1 Qxc3 20. Bd4 Nxd4 21.
Qxd4 Qa3+ 22. Kb1 d5 23. h6 Qb4+ 24. Qxb4 Bxb4 25. hxg7 Kxg7 26. e5 Bc3 27. Bd3
d4 28. Rg3 Rh8 29. Rh3 Bg2 30. Rh6 Bf3 31. Rf1 Bd5 32. Rf2 Bc4 33. Be4 Be1 34.
Rfh2 Bg3 35. Rxh7+ Rxh7 36. Rxh7+ Kg8 37. g6 fxg6 38. Bxg6 Bxf4 1/2-1/2

[Event "III Calvia International Open"]
[Site "Calvia"]
[Date "2006.10.24"]
[Round "5.41"]
[White "Juan Mas, Santiago"]
[Black "Pinilla Santibanez, Roberto"]
[Result "0-1"]
[WhiteElo "2059"]
[BlackElo "2114"]
[PlyCount "84"]
[EventDate "2006.10.20"]

1. d4 d5 2. Bg5 h6 3. Bh4 c5 4. dxc5 Qa5+ 5. Qd2 Qxc5 6. e4 d4 7. f4 Nc6 8. Nf3
Bg4 9. Bf2 e5 10. Nxe5 Nxe5 11. fxe5 Qxe5 12. Bd3 Rd8 13. O-O Nf6 14. Bg3 Qc5
15. Na3 Be7 16. Qf4 Be6 17. Bb5+ Nd7 18. Bf2 O-O 19. c3 Nf6 20. cxd4 Qb4 21.
Bd3 Ng4 22. Nc2 Qxb2 23. Rfb1 Qc3 24. Rd1 Bg5 25. Qf3 Nxf2 26. Qxf2 Bg4 27. Be2
Bxe2 28. Qxe2 Rfe8 29. Rab1 b6 30. Rb3 Qc6 31. Re1 Rc8 32. Nb4 Qd6 33. d5 Qc5+
34. Qf2 Qc4 35. e5 Rcd8 36. d6 f6 37. exf6 Bxf6 38. Rd1 Rxd6 39. Qf1 Rxd1 40.
Qxd1 Bd4+ 41. Kh1 Bf2 42. Nd3 Re1+ 0-1